DeSignis (Registro nro. 641)
[ vista simple ]
| 000 -LEADER | |
|---|---|
| fixed length control field | 01977nam a22003017a 4500 |
| 003 - CONTROL NUMBER IDENTIFIER | |
| control field | AR-RoUNCS |
| 005 - DATE AND TIME OF LATEST TRANSACTION | |
| control field | 20251023121708.0 |
| 008 - FIXED-LENGTH DATA ELEMENTS--GENERAL INFORMATION | |
| fixed length control field | 251023c20012018fr |||||r|||| 00| 0 spa d |
| 022 ## - INTERNATIONAL STANDARD SERIAL NUMBER | |
| International Standard Serial Number | 1578-4223 |
| 040 ## - CATALOGING SOURCE | |
| Original cataloging agency | AR-RoUNCS |
| Transcribing agency | AR-RoUNCS |
| 080 ## - UNIVERSAL DECIMAL CLASSIFICATION NUMBER | |
| Authority record control number or standard number | 81'22(051) |
| 210 0# - ABBREVIATED TITLE | |
| Abbreviated title | DeSignis |
| 245 00 - TITLE STATEMENT | |
| Title | DeSignis |
| Number of part/section of a work | 29, |
| Name of part/section of a work | La semiosis social ; |
| -- | Homenaje a Eliseo Verón / |
| Statement of responsibility, etc. | coordinación, Lucrecia Escudero Chauvel, Marita Soto y Oscar Traversa ; con la colaboración de Paolo Fabbri. |
| 260 ## - PUBLICATION, DISTRIBUTION, ETC. | |
| Place of publication, distribution, etc. | Paris : |
| Name of publisher, distributor, etc. | Federación Latinoamericana de Semiótica, |
| Date of publication, distribution, etc. | 2018. |
| 300 ## - PHYSICAL DESCRIPTION | |
| Extent | 248 p. ; |
| Dimensions | 22 cm. |
| 310 ## - CURRENT PUBLICATION FREQUENCY | |
| Current publication frequency | Anual |
| 362 0# - DATES OF PUBLICATION AND/OR SEQUENTIAL DESIGNATION | |
| Dates of publication and/or sequential designation | Vol. 1 (2001)- |
| 490 0# - SERIES STATEMENT | |
| Series statement | DeSignis : Serie Transformaciones |
| 520 3# - SUMMARY, ETC. | |
| Summary, etc. | Eliseo Verón ha sido el pionero de la Semiótica en América Latina en la década de los años 60 y ha tenido el mérito de abonar con su enseñanza y sus libros un punto de vista decididamente estratégico-formal y no taxonómico-descriptivo, inaugurando la Sociosemiótica y construyendo una reflexión compleja sobre las relaciones entre la discursividad social, producción, circulación y recepción de sentido.<br/>Su teoría, que se inspira en el filósofo Charles S. Peirce, se vuelve fundadora de un punto de vista terciario para encarar la mutación de los dispositivos técnicos, del espacio público, de las mediaciones, de los sujetos, de los discursos. Este número está dedicado a mostrar las transformaciones de su pensamiento, desde sus brillantes intuiciones iniciales distinguiendo sociedades mediáticas de las mediatizadas, hasta los problemas teórico-metodológicos de una semiótica aplicada. <br/> |
| 650 #4 - SUBJECT ADDED ENTRY--TOPICAL TERM | |
| Topical term or geographic name entry element | LINGÜÍSTICA |
| Form subdivision | PUBLICACIONES SERIADAS |
| 650 #4 - SUBJECT ADDED ENTRY--TOPICAL TERM | |
| Topical term or geographic name entry element | SEMIÓTICA |
| Form subdivision | PUBLICACIONES SERIADAS |
| 655 ## - INDEX TERM--GENRE/FORM | |
| Form subdivision | REVISTAS |
| 700 1# - ADDED ENTRY--PERSONAL NAME | |
| Personal name | Escudero Chauvel, Lucrecia |
| Relator term | coordinadora |
| 700 1# - ADDED ENTRY--PERSONAL NAME | |
| Personal name | Soto, Marita |
| Relator term | coordinadora |
| 700 1# - ADDED ENTRY--PERSONAL NAME | |
| Personal name | Traversa, Oscar, |
| Dates associated with a name | 1940-2020 |
| Relator term | coordinador |
| 700 1# - ADDED ENTRY--PERSONAL NAME | |
| Personal name | Fabbri, Paolo, |
| Dates associated with a name | 1948- |
| Relator term | colaborador |
| 942 ## - ADDED ENTRY ELEMENTS (KOHA) | |
| Source of classification or shelving scheme | Universal Decimal Classification |
| Koha item type | Obra General |
| Suppress in OPAC | No |
| Withdrawn status | Lost status | Source of classification or shelving scheme | Damaged status | Not for loan | Collection | Home library | Current library | Date acquired | Source of acquisition | Total checkouts | Full call number | Barcode | Date last seen | Price effective from | Koha item type |
|---|---|---|---|---|---|---|---|---|---|---|---|---|---|---|---|
| Universal Decimal Classification | Colección General | Biblioteca Escuela de Ciencias Sociales | Biblioteca Escuela de Ciencias Sociales | 23/10/2025 | Donación 2025 | 81'22(051) D457 | 001475 | 23/10/2025 | 23/10/2025 | Obra General |